000 01170nam0a22002411 4500
001 rc\3548820
005 20260407230410.0
021 _aRU
_bРг12705-72
035 _a(NLR Aleph) 007637113
090 _a6086092
_c6086092
100 _a20130115d1972 |||y0rusy50 ca
101 0 _arus
102 _aRU
105 _ay c |||||
200 1 _aВременные указания по проектированию и привязке типовых кирпичных дымовых труб котельных
_eМСН 256-1 / ММСС СССР
_e[Срок введ. 15 мая 1971 г.]
_fМ-во монтажных и спец. строит. работ СССР. Главтепломонтаж
210 _aМосква
_cЦентр. бюро науч.-техн. информации
_d1972
215 _a16 с.
_cграф.
_d20
712 0 1 _aСССР
_bГлавное управление по проектированию и производству теплотехнических и изоляционных работ
_3RU\NLR\AUTH\8810155484
_9806339
801 0 _aRU
_bNLR
_gpsbo
801 1 _aRU
_bELAR
_2rusmarc
852 _aNLR
_bСВТЛ
942 _cBOOK
980 _aNB